000 01109cam a2200301 i 4500
001 597
005 20250408110023.0
020 _a9781101997697 (pbk.)
040 _aDLC
_cDLC
_erda
_beng
050 0 0 _aPZ7.D1515
_bBf 2016
082 0 0 _a[Fic]
_223
100 1 _aDahl, Roald,
_eauthor.
245 1 4 _aThe BFG /
_cRoald Dahl ; illustrated by Quentin Blake.
260 _aNew York :
_bPuffin Books,
_c2013.
300 _a207 pages :
_billustrations ;
_c20 cm
500 _aFirst published in Great Britain by Jonathan Cape Ltd., 1982.
500 _a"Disney"--Cover.
500 _a"Now a major motion picture!"--Cover.
505 _aM
520 _aKidsnatched from her orphanage by a BFG (Big Friendly Giant), who spends his life blowing happy dreams to children, Sophie concocts with him a plan to save the world from nine other man-gobbling cannybull giants.
521 1 _a720
_bLexile
521 1 _aM
_bRaz-Plus
650 1 _aGiants
_vFiction.
650 1 _aOrphans
_vFiction.
700 1 _aBlake, Quentin,
_eillustrator.
906 _a7
_bcbc
_corigcop
_d2
_encip
_f20
_gy-gencatlg
942 _2ddc
_cBK
_n0
999 _c597
_d597